<?xml version="1.0" encoding="UTF-8"?>
<record
    xmlns:xsi="http://www.w3.org/2001/XMLSchema-instance"
    xsi:schemaLocation="http://www.loc.gov/MARC21/slim http://www.loc.gov/standards/marcxml/schema/MARC21slim.xsd"
    xmlns="http://www.loc.gov/MARC21/slim">

  <leader>00962nam a22003135  4500</leader>
  <controlfield tag="001">153248</controlfield>
  <controlfield tag="003">ES-MaBCM</controlfield>
  <controlfield tag="005">20241016185654.0</controlfield>
  <controlfield tag="008">071108s2007    mex                 spa d</controlfield>
  <datafield tag="020" ind1=" " ind2=" ">
    <subfield code="a">970-633-330-4</subfield>
  </datafield>
  <datafield tag="021" ind1=" " ind2=" ">
    <subfield code="a">xx</subfield>
  </datafield>
  <datafield tag="035" ind1=" " ind2=" ">
    <subfield code="a">(OCoLC)645217178</subfield>
  </datafield>
  <datafield tag="040" ind1=" " ind2=" ">
    <subfield code="c">ES-MaBCM</subfield>
  </datafield>
  <datafield tag="080" ind1=" " ind2=" ">
    <subfield code="a">343.35</subfield>
  </datafield>
  <datafield tag="080" ind1=" " ind2=" ">
    <subfield code="a">32:17</subfield>
  </datafield>
  <datafield tag="080" ind1=" " ind2=" ">
    <subfield code="a">343.35:33</subfield>
  </datafield>
  <datafield tag="245" ind1="0" ind2="3">
    <subfield code="a">La corrupcion</subfield>
    <subfield code="c">Virgilio Zapatero, compilador</subfield>
  </datafield>
  <datafield tag="250" ind1=" " ind2=" ">
    <subfield code="a">1&#xAA; ed</subfield>
  </datafield>
  <datafield tag="260" ind1=" " ind2=" ">
    <subfield code="a">M&#xE9;xico :</subfield>
    <subfield code="b">Coyoac&#xE1;n,</subfield>
    <subfield code="c">2007</subfield>
  </datafield>
  <datafield tag="300" ind1=" " ind2=" ">
    <subfield code="a">189 p. ;</subfield>
    <subfield code="c">21 cm</subfield>
  </datafield>
  <datafield tag="490" ind1="0" ind2=" ">
    <subfield code="a">Filosof&#xED;a y cultura contempor&#xE1;nea ;</subfield>
    <subfield code="9">111215</subfield>
    <subfield code="v">29</subfield>
  </datafield>
  <datafield tag="500" ind1=" " ind2=" ">
    <subfield code="a">Re&#xFA;ne las contribuciones del Seminario que se llev&#xF3; a cabo en la Facultad de Derecho de la Universidad de Alcal&#xE1;</subfield>
  </datafield>
  <datafield tag="650" ind1="2" ind2="7">
    <subfield code="a">Corrupci&#xF3;n</subfield>
    <subfield code="9">58157</subfield>
  </datafield>
  <datafield tag="650" ind1="2" ind2="7">
    <subfield code="a">Moralidad de la clase pol&#xED;tica</subfield>
    <subfield code="9">59478</subfield>
  </datafield>
  <datafield tag="650" ind1="2" ind2="7">
    <subfield code="a">Moral administrativa</subfield>
    <subfield code="9">59477</subfield>
  </datafield>
  <datafield tag="650" ind1="2" ind2="7">
    <subfield code="a">An&#xE1;lisis econ&#xF3;mico</subfield>
    <subfield code="9">57538</subfield>
  </datafield>
  <datafield tag="700" ind1="1" ind2=" ">
    <subfield code="a">Zapatero, Virgilio</subfield>
    <subfield code="9">50083</subfield>
  </datafield>
  <datafield tag="942" ind1=" " ind2=" ">
    <subfield code="c">BK</subfield>
  </datafield>
  <datafield tag="999" ind1=" " ind2=" ">
    <subfield code="c">153248</subfield>
    <subfield code="d">153248</subfield>
  </datafield>
  <datafield tag="952" ind1=" " ind2=" ">
    <subfield code="0">0</subfield>
    <subfield code="1">0</subfield>
    <subfield code="2">CDU</subfield>
    <subfield code="4">0</subfield>
    <subfield code="7">0</subfield>
    <subfield code="a">BC</subfield>
    <subfield code="b">BC</subfield>
    <subfield code="c">SALA</subfield>
    <subfield code="d">2007-11-14</subfield>
    <subfield code="e">C</subfield>
    <subfield code="i">66892</subfield>
    <subfield code="k">66892</subfield>
    <subfield code="l">0</subfield>
    <subfield code="o">51090</subfield>
    <subfield code="p">1052486</subfield>
    <subfield code="w">2007-11-14</subfield>
    <subfield code="y">BK</subfield>
  </datafield>
</record>
